Project Management for Engineering and Construction / (Record no. 616701)

000 -LEADER
fixed length control field 00438nam a22001457a 4500
020 ## - INTERNATIONAL STANDARD BOOK NUMBER
Qualifying information HB.
040 ## - CATALOGING SOURCE
Transcribing agency FIZZA ISHAQ
082 ## - DEWEY DECIMAL CLASSIFICATION NUMBER
Classification number 658.404
Author Mark GAR
100 ## - MAIN ENTRY--PERSONAL NAME
Personal name Oberlender , Garold (Gary) D.
9 (RLIN) 133743
245 ## - TITLE STATEMENT
Title Project Management for Engineering and Construction /
Statement of responsibility, etc. Garold (Gary) D. Oberlender.
250 ## - EDITION STATEMENT
Edition statement 3RD ED.
260 ## - PUBLICATION, DISTRIBUTION, ETC.
Place of publication, distribution, etc. New York:
Name of publisher, distributor, etc. McGraw Hill,
Date of publication, distribution, etc. 2014.
300 ## - PHYSICAL DESCRIPTION
Extent 420 p. ;
Dimensions ‎ 6.1 x 1.2 x 9.3 inches
942 ## - ADDED ENTRY ELEMENTS (KOHA)
Source of classification or shelving scheme
Koha item type Book
Holdings
Withdrawn status Lost status Source of classification or shelving scheme Damaged status Not for loan Permanent Location Current Location Date acquired Total Checkouts Full call number Barcode Date last seen Price effective from Koha item type
          NUST Baluchistan Campus (NBC) NUST Baluchistan Campus (NBC) 03/17/2026   658.404 GAR Q-2085 03/17/2026 03/17/2026 Book
© 2023 Central Library, National University of Sciences and Technology. All Rights Reserved.